MDQL
is popping MORE tags! Check the
thread
!
Quizzes
Events
Quiz Creation
Community
Videos
Private Events
Remove Ads
Sign In
Join for FREE
Feedback
Dark Mode
Quiz Categories
Sports
Geography
Music
Movies
Television
Just For Fun
Miscellaneous
History
Literature
Language
Science
Gaming
Entertainment
Religion
Holiday
For Kids
Quiz Lab
Recent
Popular Today
Quiz Kudos Today
Editor Picks
Curator Picks
Quizzes by...
Day
Popularity
Type
Ratings
Length
Year
Community
Subscriptions
Recent Discussions
Orange Saloon
Badges
Playlists
Quests
Create
Leaderboards
Showdown
Live 5
Trivia Bingo
Activity
Puzzle Library
Sporcle Events
Private Events
Virtual Trivia
Globe League
Become a Host
Pub Owners
SporcleCon
Opinionation
Our Games
Videos
Blog
Mobile Apps
Partnerships
Remove Ads and Go Orange
Feedback
Sports
Athletes
MLB
NBA
NHL
NFL
Soccer
Sports Teams
WWE
NCAA
Football
Premier League
Basketball
Baseball
Hockey
Golf
Tennis
Cricket
Rugby
Auto Racing
Olympics
World Cup
Sports
Athletes
MLB
NBA
NHL
NFL
Soccer
Sports Teams
WWE
NCAA
Football
Premier League
Basketball
Baseball
Hockey
Golf
Tennis
Cricket
Rugby
Auto Racing
Olympics
World Cup
Random Quiz
Search Sporcle
×
Quiz Lab
Quiz Lab
Sports
Tennis
Type in answers that appear in a list
Type in answers that appear in a list
Classic
Best Score? Go Orange.
Tennis Grand Slam Winners (2010s) Stats
Can you name the Tennis Grand Slam Winners in the 2010s?
By
whodeyreds90
7m
80 Questions
3,987 Plays
3,987 Plays
3,987 Plays
Comments
Comments
Give Quiz Kudos
Give Quiz Kudos
-
- Ratings
hide this ad
Replay
Link that replays current quiz
Next Quiz
Link to next quiz in quiz playlist
You Got
0%
They Got
Avg Score
83%
Avg Friend Score
Upgrade to see
Score Distribution
Jump to the score distribution portion of the page
Score
0/80
Timer
07:00
1
Play Today
Year
Player
% Correct
Australian Open Women's
Li Na
98.7%
French Open Women's
Li Na
98.7%
French Open Men's
Rafael Nadal
98.4%
French Open Men's
Rafael Nadal
98.4%
French Open Men's
Rafael Nadal
98.4%
French Open Men's
Rafael Nadal
98.4%
French Open Men's
Rafael Nadal
98.4%
Wimbledon Gentlemen's
Rafael Nadal
98.4%
US Open Men's
Rafael Nadal
98.4%
US Open Men's
Rafael Nadal
98.4%
US Open Men's
Rafael Nadal
98.4%
French Open Men's
Rafael Nadal
98.4%
Australian Open Men's
Roger Federer
98.3%
Wimbledon Gentlemen's
Roger Federer
98.3%
French Open Men's
Rafael Nadal
98.3%
French Open Men's
Rafael Nadal
98.3%
Australian Open Men's
Roger Federer
98.3%
Wimbledon Gentlemen's
Roger Federer
98.3%
Australian Open Men's
Roger Federer
98.3%
US Open Men's
Rafael Nadal
98.2%
Australian Open Men's
Novak Djokovic
98.1%
Australian Open Men's
Novak Djokovic
98.1%
Australian Open Men's
Novak Djokovic
98.1%
Australian Open Men's
Novak Djokovic
98.1%
Australian Open Men's
Novak Djokovic
98.1%
French Open Men's
Novak Djokovic
98.1%
Wimbledon Gentlemen's
Novak Djokovic
98.1%
Wimbledon Gentlemen's
Novak Djokovic
98.1%
Wimbledon Gentlemen's
Novak Djokovic
98.1%
US Open Men's
Novak Djokovic
98.1%
US Open Men's
Novak Djokovic
98.1%
US Open Men's
Novak Djokovic
98%
Australian Open Women's
Serena Williams
98%
Australian Open Women's
Serena Williams
98%
French Open Women's
Serena Williams
98%
French Open Women's
Serena Williams
98%
Wimbledon Ladies'
Serena Williams
98%
Wimbledon Ladies'
Serena Williams
98%
Wimbledon Ladies'
Serena Williams
98%
Wimbledon Ladies'
Serena Williams
98%
Year
Player
% Correct
US Open Women's
Serena Williams
98%
US Open Women's
Serena Williams
98%
US Open Women's
Serena Williams
98%
Australian Open Men's
Novak Djokovic
98%
Wimbledon Gentlemen's
Novak Djokovic
97.9%
Australian Open Women's
Serena Williams
97.9%
Wimbledon Gentlemen's
Novak Djokovic
97.9%
Wimbledon Gentlemen's
Andy Murray
96.4%
Wimbledon Gentlemen's
Andy Murray
96.4%
US Open Men's
Andy Murray
96.4%
US Open Men's
Stan Wawrinka
91.5%
Australian Open Men's
Stan Wawrinka
91.3%
French Open Men's
Stan Wawrinka
91.3%
French Open Women's
Maria Sharapova
86.6%
French Open Women's
Maria Sharapova
86.6%
US Open Men's
Marin Čilić
82.4%
US Open Women's
Naomi Osaka
79.4%
Australian Open Women's
Naomi Osaka
79.1%
French Open Women's
Simona Halep
75%
Wimbledon Ladies'
Simona Halep
74.2%
Australian Open Women's
Angelique Kerber
71.4%
US Open Women's
Angelique Kerber
71.4%
Wimbledon Ladies'
Angelique Kerber
69.9%
French Open Women's
Ashleigh Barty
68.3%
French Open Women's
Garbiñe Muguruza
66.5%
Wimbledon Ladies'
Garbiñe Muguruza
66.3%
Australian Open Women's
Victoria Azarenka
65.8%
Australian Open Women's
Victoria Azarenka
65.8%
Australian Open Women's
Caroline Wozniacki
65.7%
Wimbledon Ladies'
Petra Kvitová
64.3%
Wimbledon Ladies'
Petra Kvitová
64.3%
Australian Open Women's
Kim Clijsters
60.7%
US Open Women's
Kim Clijsters
60.7%
US Open Women's
Sloane Stephens
60.4%
Wimbledon Ladies'
Marion Bartoli
58.6%
French Open Women's
Jelena Ostapenko
57.4%
US Open Women's
Bianca Andreescu
51.1%
US Open Women's
Samantha Stosur
47.8%
US Open Women's
Flavia Pennetta
46.8%
French Open Women's
Francesca Schiavone
46.6%
Quiz Playlist
Details
Report
Send in Message
Add To Playlist
Classic:
Type in answers that appear in a list
Quiz Source
Last Updated: Sep 16, 2020
Quiz Scoreboard
CHALLENGE
Sign Up to Join the Scoreboard
Show All
Scores
Hide
Comments
May contain spoilers
Recently Published
Two Season TV Shows II
by 123Four
Television
10m
Image Sorting: Flags VI
by Barbecue
Geography
2m
Find the 'City' Movie
by crazypaving
Movies
60s
More to Explore
Quiz From the Vault
Featured Blog Post
14 Easter Pick-up Lines to Find Eggs With
hide this ad
You Might Also Like...
Tags
Tennis Quiz
2010s
Australian Open
French Open
Grand Slam
Men's Tennis
Men's Wimbledon
US Open
Wimbledon
Wimbledon Winners
Wimbledon Women
Women's Tennis
Today's Top Quizzes in Sports
Browse Sports
hide this ad
Today's Top Quizzes in Tennis
Browse Tennis
Top Contributed Quizzes in Sports
1
Les meilleurs buteurs des matchs entre le PSG et l’OM
2
Les entraîneurs de l'OM et du PSG au 21e siècle
3
2022 World Cup Stars
4
Les joueurs passés par le PSG et l'OM
5
Players with Multiple 50 Home Run Seasons
6
FIFA Club World Cup Champions
7
Criteria MLB: Left Handed Sluggers
8
Les joueurs passés par le LOSC et le RC Lens
9
Top 10 NHL Goal Scorers of All Time
10
NBA Logic Puzzle 2.0
Explore More
Trending Topics
Harry Potter
Crossword
Disney
Marvel
NBA
Anime
Kpop
Puzzle
The Office
Soccer
Song
Pokémon
WWE
Country
NFL
hide this ad
More By:
whodeyreds90
Quiz
Plays
Rating
Category
Featured
Created
NFL Receiving Leaders by Yardage (2016-2020)
75,163
4.68
Sports
Jul 21, 2015
NFL Team Passing Leaders by Season (2010s)
67,859
4.88
Sports
Jul 17, 2015
NFL Active Passing Yards Leaders
64,938
4.35
Sports
May 10, 2016
MLB Top 50 Active HR Leaders
58,549
4.53
Sports
Mar 1, 2016
NHL Top 25 Active Goal Scorers
51,159
4.45
Sports
Mar 23, 2016
Go to Creator's Profile
Score Distribution
Quiz Creator Spotlight
whodeyreds90
Follow
Send a Message
Quizzes Created
-
Created Quiz Play Count
-
More By This Creator
Popular Quizzes Today
1
Find the US States - No Outlines Minefield
2
Colored Red Africa Blitz
3
Find the 'City' Movie
4
5x2 Blitz: Bands
5
The Countries of the World
6
Find the Countries of Europe - No Outlines Minefield
7
Find the US States
8
US States
More Sports Quizzes
Europe's Top 10 Net Spending Clubs In The Last Decade
Quiz Lab
Trending Quizzes
Colored Red Europe Blitz I
Colored Red Africa Blitz II
Colored Red Europe Blitz II
Even More Two Season TV Shows
Colored Red Africa Blitz III
Recently Updated
March Madness Men's Triple Doubles
pecheneg
How Do You Spell That?
pecheneg
Godzilla Movies
pecheneg
Grab Bag: 4-10 Letters
pecheneg
2024 March Madness Bracket
pecheneg
Famous TV Couples
Peacemaker
Champions League XIs: Real Madrid
pecheneg
Largest US Cities 1790-2010
pecheneg
Rides in Walt Disney World
pecheneg
Most Oscar Losses (Acting)
pecheneg
Trending Topics
Anime
Harry Potter
Kpop
Crossword
Marvel
Disney
NBA
NFL
The Office
Soccer
WWE
Puzzle
Pokémon
Song
Country
Your Account Isn't Verified!
In order to create a playlist on Sporcle, you need to verify the email address you used during registration. Go to your
Sporcle Settings
to finish the process.
Report this User
Report this user for behavior that violates our
Community Guidelines
.
Details:
Send Report
Go to the Sporcle.com Mobile Site →
Comments